000 00579nam a22002177a 4500
003 UA-OsUOA
001 45517
007 ta
008 20070427b un ||||| |||| 00| 0 ukr d
100 _aСюндюков І.
090 _a330
_bС-11
942 _cSA
040 _aUA-OsUOA
_bukr
_cUA-OsUOA
_dUA-OsUOA
245 _aТаємниця суспільного багатства. Життя та праці Адама Сміта
300 _aС.7
955 _a0
041 _aukr
080 _a330
773 0 _w45516
650 7 _a330 Економіка взагалі
_2UDC
999 _c331610
_d331610